000 00790cab a2200253 4500
001 ABS59374
008 090401t1998 xxu||||| |||| 00| 0 eng d
035 _a(Sirsi) u89233
041 _aeng
100 _aVeenendaal, J.
245 _aAnalyzing the impact of change orders on a schedule
260 _c1998
350 _a0
490 _aCost Engineering
_v40(9) September 1998, 33-39(7)
520 _aDemonstrates how changes to a construction contract programme affect completion date, by providing a procedure of impact analysis, with examples.
650 _aCONSTRUCTION PROJECTS
650 _aCONTRACT PROGRAMMES
650 _aDELAY ANALYSIS
650 _aEXTENSION OF TIME
650 _aVARIATIONS
690 _aBUILT ENVIRONMENT
942 _n0
948 _c23/10/1998
999 _c56437
_d56437